Jungle - Emma Louise - All Lyrics - Statistics

General Stats
  • This quiz has been taken 9 times
  • The average score is 197 of 221
Answer Stats
Answer % Correct
a
100%
And
100%
are
100%
be
100%
been
100%
'bout
100%
dreamin',
100%
dreamin'
100%
for
100%
head
100%
head,
100%
Hey,
100%
hey,
100%
hey
100%
I
100%
In
100%
in
100%
is
100%
I've
100%
jungle,
100%
jungle
100%
jungle)
100%
love
100%
My
100%
my
100%
(My
100%
myself,
100%
myself
100%
oh
100%
oh-oh
100%
Oh-oh
100%
Oh-oh-oh,
100%
oh-oh-oh,
100%
Oh-oh-oh
100%
our
100%
Our
100%
the
100%
thinkin',
100%
thinkin'
100%
to
100%
trouble
100%
understandin'
100%
us
100%
we
100%
we're
100%
you,
100%
you
100%
your
100%
achin',
67%
achin'
67%
beat
67%
bodies
67%
complicated,
67%
dance
67%
dark
67%
eyes
67%
fast
67%
feelin',
67%
feelin'
67%
fight
67%
have
67%
hearts
67%
hurtin'
67%
I'm
67%
Make
67%
me,
67%
movin'
67%
pain
67%
room
67%
shadows
67%
slow
67%
so
67%
soft
67%
speakin'
67%
this
67%
up
67%
wasted,
67%
will
67%
meant
33%
never
33%
ourselves,
33%
ourselves
33%
sorry
33%
tired
33%
won't
33%
get
0%
No matching quizzes found
Score Distribution
Percent of People with Each Score
Percentile by Number Answered
Your Score History
You have not taken this quiz